Significance of investment precious metals to investors and business environment
Investičné príležitosti v oblasti zvolených drahých kovov za podpory súčasného podnikateľského prostredia vrátane uvedených prínosov a výhod pre investorskú spoločnosť. Investičné možnosti, ktoré tieto trhy ponúkajú.
Saved in:
| Main Author: | |
|---|---|
| Other Authors: | |
| Format: | Book Chapter |
| Language: | Czech |
| Subjects: | |
| Tags: |
No Tags, Be the first to tag this record!
|
MARC
| LEADER | 00000nla a2200000 4500 | ||
|---|---|---|---|
| 001 | 0228808 | ||
| 005 | 20240417075113.4 | ||
| 041 | 0 | |a cze | |
| 044 | |a SK | ||
| 245 | 1 | 0 | |a Significance of investment precious metals to investors and business environment |c Josef Novotný, František Sejkora |
| 520 | |a Investičné príležitosti v oblasti zvolených drahých kovov za podpory súčasného podnikateľského prostredia vrátane uvedených prínosov a výhod pre investorskú spoločnosť. Investičné možnosti, ktoré tieto trhy ponúkajú. | ||
| 610 | 2 | 0 | |a investori |
| 610 | 2 | 0 | |a investovanie |
| 610 | 2 | 0 | |a kovy drahé |
| 610 | 2 | 0 | |a proces investičný |
| 610 | 2 | 0 | |a stratégia investičná |
| 610 | 2 | 0 | |a trh kapitálový |
| 610 | 2 | 0 | |a tvorba kapitálu |
| 610 | 2 | 0 | |a výnosy |
| 100 | 1 | |a Novotný, Josef | |
| 700 | 1 | |a Sejkora, František | |